Представление документа в формате RUSMARC

ПолеНазваниеЗначение
  Тип записи i
  Библиографический уровень m
001 Контрольный номер RU/IS/BASE/555507314
005 Дата корректировки 20250217114934.9
010 Индекс ISBN __
d Цена 255-60
100 Данные общей обработки __
a Данные общей обработки 19150410d2016||||||| 0rusy0189 ca
101 Язык документа 1_
a Язык текста rus
c Язык оригинала nnn
102 Страна публикации __
a Страна публикации ru|
105 Кодированные данные (монография) __
a Кодированные данные (монография) nn|||||||f|zy
127 Кодированные данные (звукозаписи-физические характеристики) __
a Продолжительность проигрывания 12 ч 45 мин
200 Заглавие и сведения об ответственности 1_
a Заглавие Убить пересмешника...
e Сведения, относящиеся к заглавию [роман : 12+]
f Первые сведения об ответственности Харпер Ли ; [читает Анастасия Лазарева ; перевод: Нора Галь, Раиса Оболонская]
b Общее обозначение материала Звукозапись
210 Выходные данные 1_
a Место издания Москва
c Издательство Аудиокнига
d Дата издания 2016
215 Физическое описание __
a Объем 1 электрон. опт. диск (Audio CD)
c Иллюстрации/тип воспроизводства mp3
d Формат 12х14 см
225 Серия 2_
a Серия Аудиокнига
230 Специфическая характеристика материала: электронные ресурсы __
a Обозначение и объем ресурса Электронные звуковые данные
300 Общие примечания __
a Общие примечания Заглавие с этикетки диска
323 Примечание о главных создателях, исполнителях, участниках __
a Примечание о главных создателях, исполнителях, участниках Лазарева, А. (читает)
330 Аннотация __
a Аннотация Рассказ ведется от лица восьмилетней девочки. Главная героиня Джин Финч живет с отцом Аттикусом, адвокатом, и братом Джимом. У них с братом есть друг Дилл, и один враг на троих - сосед по прозвищу Страшила. Мир глазами ребенка - сложный, противоречивый, неоднозначный, - проносится перед читателем. Все смешалось в этом мире: детские страхи и взрослые проблемы, жажда справедливости и горькая реальность, расовые проблемы американского юга и сложности отдельно взятой семьи. В центре сюжета - судебный процесс над чернокожим парнем, его обвиняют в изнасиловании, которого он не совершал. Адвокатом выступает отец Джин Аттикус и борется изо всех сил, чтобы справедливость восторжествовала.
333 Примечание о целевом назначении __
a Примечание о целевом назначении 12+. Для детей старше 12 лет
337 Примечание о системных требованиях (электронные ресурсы) __
a Примечание о системных требованиях (электронные ресурсы) Системные требования: CD-плеер с поддержкой MP3, или Pentium-233 c Windows 9x-XP ; CD-ROM ; звуковая карта
606 Тематические рубрики __
a Основная рубрика Художественная литература
606 Тематические рубрики __
a Основная рубрика Литература Америки (произведения)
y Географическая подрубрика США
610 Ключевые слова 0_
a Ключевые слова американская литература
a Ключевые слова зарубежная литература
a Ключевые слова иностранная литература
a Ключевые слова тема Америки
a Ключевые слова тема афроамериканцев
a Ключевые слова тема взаимоотношений
a Ключевые слова тема взросления
a Ключевые слова тема детей
a Ключевые слова тема расовой дискриминации
a Ключевые слова тема семьи
686 Индексы других классификаций __
2 Код системы rubbks
a Классификационный индекс 84(7Сое)6-4я04; ст84(7Сое)-4я0
700 Автор _1
a Фамилия Ли
b Имя Х.
f Даты 1926-2016
g Полное личное имя Харпер
4 Код отношения 070
702 Вторичная интеллектуальная ответственность _1
a Фамилия Галь
b Имя Н.
4 Код отношения Переводчик
4 Код отношения 730
702 Вторичная интеллектуальная ответственность _1
a Фамилия Оболонская
b Имя Р.
4 Код отношения Переводчик
4 Код отношения 730
801 Источник записи _0
a Страна ru
b Организация Муниципальное бюджетное учреждение культуры "Централизованная библиотечная система" г. Сургут (Центральная городская библиотека им. А. С. Пушкина)
c Дата составления 20150410
g Правила каталогизации КиК/Апакова
801 Источник записи _1
a Страна ru
b Организация Муниципальное бюджетное учреждение культуры "Централизованная библиотечная система" г. Сургут (Центральная городская библиотека им. А. С. Пушкина)
c Дата составления 20150410
g Правила каталогизации КиК/Апакова
852 Данные о местонахождении __
j Шифр хранения 84(7Сое)6-4я04
i Авторский знак Л 55
901 Тип документа __
t Тип документа 0
903 Характеристики (МАРС) __
a Дата передачи 20170808
969 Тип издания __
a Тип издания аудиокнига; издание для слепых
990 Данные о заказе (DOS) __
j Количество экземпляров (DOS) 5
t N записи в КСУ для И/У (DOS) 201708